Ganadores y perdedores: reflexiones sobre los precios de los alimentos /
Shranjeno v:
| Glavni avtor: | |
|---|---|
| Format: | Texto |
| Oznake: |
Označite
Brez oznak, prvi označite!
|
MARC
| LEADER | 00000 a a2200000 04500 | ||
|---|---|---|---|
| 001 | 1311 | ||
| 003 | |||
| 040 | |||
| 100 | |a Pomareda, Carlos | ||
| 245 | |a Ganadores y perdedores: |b reflexiones sobre los precios de los alimentos / |c Carlos Pomareda | ||
| 773 | |g número 136; páginas 8-11 | ||
| 999 | |c 28288 |d 28288 | ||
